10 Longest Sleeping Animals - Statistics

General Stats
  • This quiz has been taken 218 times
  • The average score is 7 of 10
Answer Stats
Picture Hint Answer % Correct
Average sleep time: 16 hr Human Baby
98%
Average sleep time: 15.8 hr Tiger
97%
Average sleep time: 22 hr Koala
95%
Average sleep time: 14.9 hr Squirrel
91%
Average sleep time: 19.9 hr Brown Bat
85%
Average sleep time: 18.1 hr Armadillo
84%
Average sleep time: 18 hr Opossum
55%
Average sleep time: 18 hr Python
49%
Average sleep time: 15.8 hr Tree Shrew
13%
Average sleep time: 17 hr Night Monkey
4%
No matching quizzes found
Score Distribution
Percent of People with Each Score
Percentile by Number Answered
Your Score History
You have not taken this quiz